000 01351nam a2200397 i 4500
001 6232
003 KOSZ 005
005 20200229112708.0
008 961010s1991 pl f f |000 0 pol d
040 _cKOSZ 005
_aKOSZ 005
_dKOSZ 005/HR
046 _k1991
080 _a621.97
080 _a621.73
080 _a(075.8)
100 1 _aOlszewski, Ewald
_eAutor
245 1 0 _aMaszyny do obróbki plastycznej :
_bćwiczenia laboratoryjne /
_cEwald Olszewski ; Politechnika Częstochowska.
260 _aCzęstochowa :
_bPC,
_c1991.
300 _a45 s. :
_brys., wykr. ;
_c24 cm.
336 _2rdacontent
_aTekst
_btxt
337 _2rdamedia
_aBez urządzenia pośredniczącego
_bn
338 _2rdacarrier
_aWolumin
_bnc
380 _aKsiążki
380 _aPublikacje dydaktyczne
385 _mPoziom nauczania
_aSzkoły wyższe
388 _a1901-2000
388 _a1989-2000
650 7 _aObróbka plastyczna
650 7 _aMłoty maszynowe
650 7 _aPrasy
655 7 _aPodręczniki akademickie
655 7 _aĆwiczenia laboratoryjne dla szkół wyższych
658 _aInżynieria i technika
710 2 _aPolitechnika cz
_4Wydawca
856 _uhttp://koha.tu.koszalin.pl/cgi-bin/koha/opac-detail.pl?biblionumber=6232
_yKatalog online BPK
942 _cKS
_2UKD
999 _c6232
_d6232